00369nam a2200145Ia 4500003000400000008004100004040001600045082001300061100001900074245004100093260004200134300001000176650001500186650002200201GCL140319s9999 xx 000 0 eng d aGCL / cGCL04a843bB I1 aBALZAC, HONORE10aILLUSIONS PERDUES / cBALZAC, HONORE a[S.N] : bLE LIVRE DE POCHE ، c1983 a581 P04aLITERATURE04aFRENCH LITERATURE